Detalles MARC
| 000 -LIDER |
| fixed length control field |
01647nam a2200337 a 4500 |
| 001 - NÚMERO DE CONTROL |
| Identificador de número de control |
|
| 003 - IDENTIFICACDOR DE NÚMERO DE CONTROL |
| control field |
OSt |
| 005 - DATE AND TIME OF LATEST TRANSACTION |
| control field |
20211126125427.0 |
| 007 - CAMPOS FIJOS DE DESCRIPCIÓN FÍSICA |
| fixed length control field |
ta |
| 008 - ELEMENTOS DE LONGITUD FIJA |
| fixed length control field |
140512s2014 dr a 000 0 spa d |
| 020 ## - ISBN |
| International Standard Book Number |
9789945583519 |
| 040 ## - FUENTE DE CATALOGACIÓN |
| Agencia que crea de manera original el registro |
DO-SdBNP |
| Idioma de catalogación |
spa |
| Agencia que realiza la transcripción |
BPMSU |
| 082 ## - NÚMERO DE CLASIFICACIÓN DECIMAL DE DEWEY |
| Classification number |
231.7097293 |
| Item number |
A353r 2018 |
| Edition number |
22 |
| 100 1# - ASIENTO PRINCIPAL -- NOMBRE PERSONAL |
| Nombre personal |
Alcántara, Polanco , Guarionex |
| Fechas asociadas con el nombre |
1979- |
| 245 10 - MENCIÓN DE TITULO |
| Título |
República Dominicana la tierra de Dios : |
| Subtítulo |
revelando el secreto con las evidencias históricas / |
| Mención de responsabilidad |
Guarionex Alcántara ; prólogo Paula Díaz , |
| 260 ## - PUBLICACIÓN, DISTRIBUCIÓN, ETC. (PIE DE IMPRENTA) |
| Lugar de publicación, distribución, etc |
Santo Domingo : |
| Nombre del editor, distribuidor, etc. |
Ministerio Gloria Postrera ; |
| -- |
Santuario , |
| Fecha de publicación, distribución, etc |
2014. |
| 300 ## - DESCRIPCIÓN FÍSICA |
| Extensión |
167 p. ; |
| Dimensiones |
23 cm. |
| Otros detalles físicos |
|
| 500 ## - NOTA GENERAL |
| Materiales especificados |
Incluye datos biográficos del autor en la solapa de la cubierta |
| 500 ## - NOTA GENERAL |
| Nota general |
Incluye referencias bibliográficas y notas al pie de las páginas |
| 504 ## - NOTA DE BIBLIOGRAFÍA, ETC. |
| Bibliography, etc |
Bibliografías : p.157-162 |
| 505 0# - NOTA DE CONTENIDO |
| Texto normalizado de contenido |
Agradecimento. |
| 505 0# - NOTA DE CONTENIDO |
| Texto normalizado de contenido |
Prólogo. |
| 505 0# - NOTA DE CONTENIDO |
| Texto normalizado de contenido |
Introducción. |
| Título |
Capítulo I : |
| URL |
Dios " el autor de nuestra independencia. |
| Título |
Capítulo II : |
| URL |
El misterio de la Isla de Santo Domingo. |
| Título |
Capítulo III : |
| URL |
El misterio profético de un hombre llamado : Juan Pablo Duarte. |
| Título |
Capítulo IV : |
| URL |
Las verdades eternas del Padre en Juan Pablo (ideario incomprendido). |
| Título |
Capítulo V : |
| URL |
El misterio profético de la Trinitaria, el escudo y el himno Nacional Dominicanos. |
| Título |
Capítulo VI : |
| URL |
El misterio del nombre. |
| Título |
Capítulo VII : |
| URL |
El misterio profético de la etnia. |
| 505 0# - NOTA DE CONTENIDO |
| Texto normalizado de contenido |
Conclusiones. |
| 505 0# - NOTA DE CONTENIDO |
| Texto normalizado de contenido |
Referencias biográficas. |
| 590 ## - NOTA LOCAL |
| Enlace |
Inventariado, 2021/VM |
| 650 #4 - ENCABEZAMIENTO DE MATERIA--TEMÁTICO |
| Término temático o nombre geográfico como elemento de entrada |
Vida espiritual. |
| 700 1# - ASIENTO SECUNDARIO -- NOMBRE PERSONAL |
| Nombre personal |
Díaz, Paula, |
| Mención de responsabilidad |
pról. |
| 910 ## - VALIDACIÓN |
| Validación |
VMateo V. |
| 942 ## - ADDED ENTRY ELEMENTS (KOHA) |
| Source of classification or shelving scheme |
Dewey Decimal Classification |
| Koha item type |
Libros |